| 000 | 01316nam a2200409 c 4500 | ||
|---|---|---|---|
| 001 | 47214 | ||
| 003 | ES-MaCES | ||
| 005 | 20160606120421.0 | ||
| 008 | 160317s2015 sp | y ||0 | spa d | ||
| 017 |
_aM 40145-2015 _bDL |
||
| 020 | _a9788460847755 | ||
| 040 |
_aES-MaCES _bspa _cES-MaCES |
||
| 041 | 0 |
_aspa _aeng |
|
| 245 | 0 | 0 |
_aAnuario del euro 2015 _cdir., Fernando Fernández Méndez de Andés ; con la col. de Carlos Poza Lara |
| 260 |
_a[Madrid] _bFundación de Estudios Financieros _c[2015] |
||
| 300 |
_a308 p. _bgráf. col. _c24 cm |
||
| 500 | _aTextos en español e inglés | ||
| 504 | _aBibliografía | ||
| 541 | _cGratuito | ||
| 650 | 4 |
_amoneda _928095 |
|
| 650 | 4 |
_apolítica monetaria _928101 |
|
| 650 | 4 |
_apolítica financiera _928124 |
|
| 650 | 4 |
_amercado financiero _928150 |
|
| 650 | 4 |
_aunión monetaria _928170 |
|
| 650 | 4 |
_aBanco Central Europeo _931305 |
|
| 650 | 4 |
_aUEM _930760 |
|
| 650 | 4 |
_aUE _926752 |
|
| 650 | 4 |
_a2015 _931152 |
|
| 650 | 4 |
_aanuario _928963 |
|
| 653 | 1 | 0 | _aMoneda |
| 700 | 1 |
_aFernández Méndez de Andés, Fernando _edir. _911920 |
|
| 700 | 1 |
_aPoza Lara, Carlos _ecol. _935098 |
|
| 710 | 2 |
_aFundación de Estudios Financieros (Madrid) _eed. _93793 |
|
| 775 | 1 |
_tAnuario del euro 2014 _w(ES-MaCES)45808 |
|
| 902 | _aLIB Libro | ||
| 942 |
_2CES _cBK _h0.0. |
||
| 999 |
_c47214 _d47214 |
||